000 00419nam a2200181Ia 4500
100 _aChopra/Sunil/ Meind P
650 _aSppply chain Management
250 _a5
942 _cBK
366 _f23
654 _asupply chain management
245 _aSupply chain Management:Strategy
260 _bPearson Education
_c2013
082 _a658.5
_bCHO
300 _a557
546 _aENGLISH
_cInfo.Tech
999 _c24808
_d24808